Normal view MARC view
  • Biographical series (Islāmābād, Pakistan) ;

Entry Uniform Title

Number of records used in: 2

001 - CONTROL NUMBER

  • control field: 6256

003 - CONTROL NUMBER IDENTIFIER

  • control field: NUST

005 - DATE AND TIME OF LATEST TRANSACTION

  • control field: 20171109103651.0

008 - FIXED-LENGTH DATA ELEMENTS

  • fixed length control field: 171109|| aca||aabn | a|a d

040 ## - CATALOGING SOURCE

  • Original cataloging agency: NUST
  • Transcribing agency: NUST

130 ## - HEADING--UNIFORM TITLE

  • Uniform title: Biographical series (Islāmābād, Pakistan) ;
  • Form subdivision: 13.

670 ## - SOURCE DATA FOUND

  • Source citation: Work cat.: (NUST)329395: Chaudhri, Muhammad Ashraf. 6253, The Muslim ummah and Iqbal /, 1994.
© 2023 Central Library, National University of Sciences and Technology. All Rights Reserved.